00469nam a22001937a 450000500170000001000110001702000100002803500110003803700160004904000120006508200110007710000200008824500420010826000280015027000110017830000210018965000390021065000260024920170124110125.0 a601276 c00.00 a601276 bCen Lib/Ret aDPLbEN aNbSTE aSteinbeck, John aTo a god unknown /cby John Steinbeck bHeinemannaLondonc1970 bLondon a213p. c20cm(Hb) aFarm life -- California -- Fiction aCalifornia -- Fiction